000
00310nam a22001337a 4500
003
SGT
082
_a
612.015
_b
T11H
100
_a
HEGDE, PRAKASH
245
_a
A TEXT BOOK OF DRAVYAGUNA VIJNANA
260
_a
VARANASI
_b
CHAUKHAMBHA PUB
_c
2011
300
_a
631
650
_a
DRAVYAGUNA VIJNANA
942
_2
ddc
_c
BK
_0
7
999
_c
8592
_d
8592